000
00269nam a2200097Ia 4500
082
_a
LP EF JANC
245
0
_a
Web of evil
100
_a
JANCE, Judith A. Leicester, 2009 Large print ed
_9
80653
942
_c
BK
008
210817s9999 xx 000 0 und d
999
_c
386858
_d
386857